000 00819nam a22002537c 4500
001 a5798789
003 CO-ViMGA
005 20230915224412.0
008 160512s2016 sp a | |||| 000 1 spa
020 _a9788490944936
040 _aCO-ViMGA
_bspa
_cCO-ViMGA
041 1 _heng
082 _a741.5
_bA17m1
245 0 3 _aLa Mano Derecha Roja /
_c[guion], Aaron ; [dibujo], Palo, Guedes, Sudzuka ; [traducción, Santiago García]
260 _aTorroella de Montgrí, Girona
_bPanini Comics
_ccop. 2016.
300 _a[200] p.
_bprincipalmente il. col.
_c27 cm.
490 0 _aLobezno
_v7
490 0 _aMarvel deluxe
650 1 4 _aComics
_9284
650 1 4 _aTiras comicas, historietas, etc.
_92479
700 1 _aAaron, Jason
_d1973-
_4aut
_98969
700 1 _aPalo, Jefte
_edibujante
_4art
_99205
942 _2ddc
_cBK
999 _c11769
_d11769